La Roumanie pour les touristes... - Statistiques

Statistiques générales
  • Ce quiz a été pris 218 fois
    191 depuis la dernière actualisation
  • Le résultat moyen est 11 sur 20
Statistiques - réponses
Question Indice Réponses % Correct
Le suffixe internet est ro
99%
Quelle est la langue officielle ? Roumain
98%
Quelles autres langues sont répandues ? F Français
93%
Quelles sont les principales villes touristiques ? B Bucarest
92%
Quelles autres langues sont répandues ? H Hongrois
88%
Quelles autres langues sont répandues ? A Anglais
84%
La conduite se fait à droite ou à gauche ? Droite
84%
Dans la capitale y-a-t-il un décalage horaire avec Paris ? (oui/non) Oui
84%
La vitesse sur autoroute est limitée à {130} km/h
65%
Quelles sont les principales villes touristiques ? B Brasov
65%
Le taux d'alcoolémie toléré au volant est de {0} g/l
63%
Quelles sont les principales villes touristiques ? S Sibiu
51%
Quelles sont les principales villes touristiques ? O Oradea
38%
La religion majoritaire est Orthodoxie
23%
Quelles sont les principales villes touristiques ? S Sighisoara
22%
Quelle est la monnaie ? Leu roumain
17%
Quels parc national peut-on visiter ? C Ceahlau
2%
Achats à faire 3/ Se fabrique avec de l'argile Céramique
2%
Achats à faire 1/ Vêtement féminin Chemisier
2%
Achats à faire 2/ Décorés mais pas par la poule Oeufs peints
2%
Aucun quiz correspondant
Distribution des résultats
% des personnes avec chaque résultat
Percentile par nombre de réponses
Votre historique - résultats
Vous n’avez pas pris ce quiz depuis la dernière actualisation